Statistics for The Beliefs Quiz

Click here to take the quiz!

General Stats

  • This quiz has been taken 27 times
  • The average score is 12 of 19

Answer Stats

HintAnswer% Correct
Founded by a Jew from NazarethChristianity
92%
The oldest Abrahamic religionJudaism
92%
Some of the gods are Demeter and Dionysus{Greek} Mythology
88%
Tibetian version of this is led by the Dalai LamaBuddhism
83%
Two of its gods are Thor and Odin{Norse} Mythology
83%
Its gods include Ra and IsisAncient {Egyptian} Belief
79%
Second largest Islamic branch.Shia
79%
Founded by Henry VIII in order to get divorcedChurch of England
75%
Predominant Islamic branch.Sunni
75%
Founded by a Chinese philosopher ca. 500 BCConfucianism
71%
This religion's most important symbol is the syllable "om"Hinduism
71%
Revised version of the above (founded in Wittenberg)Lutheranism
71%
Torii mark the entrance of this religion's shrinesShinto
63%
Founded by and named after Zarathustra in IranZoroastrianism
58%
This religion regards Haile Selassie as incarnate Christ.Rastafari
42%
Harmandir Sahib is the holiest temple of this religion.Sikhism
42%
Compassion, frugality, humility are the Three TreasuresDaoism
33%
Islamic branch of Oman.Ibadi
21%
Male only religion, was all about the slaying of a bullMithraism
13%

Score Distribution

Percentile by Number Answered

Percent of People with Each Score

Your Score History

You have not taken this quiz